000 00550nam a2200169 4500
001 120182
003 ES-MaACL
005 20230906191501.0
007 t|
008 070214s1968 sp r ||||1| spa d
100 1 _aPiquer y Jover, José Juan.
_992326
245 1 3 _aEl senyoriu de Verdú /
_cJosé Juan Piquer y Jover.
260 _aTarragona :
_bReal Societat Arqueologica,
_c1968.
300 _a183 p. ;
_c25 cm +
_e1 plan. pleg., 1 map. pleg.
710 2 _aReal Societat Arqueologica (Tarragona)
_96405
852 _aES-MaACL
_jC-42278
_bR.68722
999 _c120182
_d120182